00637nam a22001697a 450000500170000001000150001702000260003203500140005803700130007208200130008510000280009824500940012626000630022027001320028330000210041570000310043620230920170808.0 aENG-137429 a9789380831053c199.00 aEN-120961 bDBAD/PUB a658.3125 aRao, T.P. Surya Chandra aPerformance Management/cBy T.P. Surya Chandra Rao and edited by Adusumili santoshi roopa aHyderabadbStudentshelpline Publishing House Pvt.Ltdc2011 a326/C, Surneni Nilayam, Near B K Guda Park, S.R. nagar bHyderabade500038k9440575657, 32494570mStudentshelpline.in@gmail.com a294pg.c24cm(pb) aRoopa, Adusumili santoshi